|
|
|
|
| LEADER |
01519nam a2200325 4500 |
| 001 |
DLU180183066 |
| 005 |
##20180115 |
| 020 |
# |
# |
|a 9786049070785
|
| 040 |
# |
# |
|a DLU
|b vie
|
| 041 |
# |
# |
|a vie
|
| 044 |
# |
# |
|a vn
|
| 082 |
# |
# |
|a 291.43
|b TO-H
|
| 100 |
# |
# |
|a Tòng Văn Hân.
|
| 245 |
# |
# |
|a Lễ cúng sửa vía của người Thái đen ở Mường Thanh, Điện Biên /
|c Tòng Văn Hân.
|
| 260 |
# |
# |
|a H. :
|b Sân khấu,
|c 2016.
|
| 300 |
# |
# |
|a 448 tr. ;
|c 21 cm.
|
| 504 |
# |
# |
|a Tài liệu tham khào: tr. 441-442.
|
| 505 |
# |
# |
|a Pèng khuồn sáy - cúng sửa vía cho trẻ nhỏ bằng trứng gà (sử dụng trứng gà làm vật lễ dâng cúng) -- Pèng khuồn pà - cúng sửa vía cho trẻ nhỏ bằng cá (sử dụng vật lễ cúng bằng cá nướng) -- Pèng khuồn nù - cúng sửa vía bằng chuột (sử dụng con chuột làm vật lễ) -- Pèng khuồn cáy - lễ cúng sửa vía bằng gà (dùng con gà trống làm vật lễ cúng) -- Pèng khuồn pết - cúng sửa vía bằng vịt (dùng con vịt làm vật lễ dâng cúng) -- Pèng khuồn mù - cúng sửa vía bằng lợn (dùng con lợn làm vật lễ dâng cúng).
|
| 650 |
# |
# |
|a Thái (Dân tộc Đông Nam Á)
|z Việt Nam
|z Điện Biên
|x Tín ngưỡng dân gian.
|
| 923 |
# |
# |
|a 01/2017
|
| 991 |
# |
# |
|a SH
|
| 992 |
# |
# |
|a 18000
|
| 994 |
# |
# |
|a DLU
|
| 900 |
# |
# |
|a True
|
| 911 |
# |
# |
|a Nguyễn Thanh Hương
|
| 925 |
# |
# |
|a G
|
| 926 |
# |
# |
|a A
|
| 927 |
# |
# |
|a SH
|
| 980 |
# |
# |
|a Thư viện Trường Đại học Đà Lạt
|